00553nam a2200181Ii 450000100060000000300090000600800410001504000330005604100080008908200180009711000370011524500760015226400500022830000120027833600260029033700280031633800270034414257CO-ViMGA241108s9999||||xx |||||||||||||| ||und|| aCO-ViMGAbspaerdacCO-ViMGA0 aspa04aR 345.08 C65g1 aColombia: Gobernación del Meta10aCódigo de la infancia y la adolescencia; ley 1098 noviembre 8 de 2006 1aBogotá, Colombia : Graficas El Dorado, 2008 avolumen atextbtxt2rdacontent aunmediatedbn2rdamedia avolumebnc2rdacarrier